Tài liệu bồi dưỡng Cán bộ quản lí khoa/phòng trường Đại học, Cao đẳng Quyển 2

সংরক্ষণ করুন:
গ্রন্থ-পঞ্জীর বিবরন
বিন্যাস: গ্রন্থ
ভাষা:Vietnamese
প্রকাশিত: Hà Nội Đại học Sư phạm 2014
বিষয়গুলি:
ট্যাগগুলো: ট্যাগ যুক্ত করুন
কোনো ট্যাগ নেই, প্রথমজন হিসাবে ট্যাগ করুন!
Thư viện lưu trữ: Trung tâm Học liệu Lê Vũ Hùng, Trường Đại học Đồng Tháp
LEADER 01111pam a22003138a 4500
001 00039466
005 20171026081025.0
008 170519s2014 ||||||viesd
041 0 # |a vie 
082 1 4 |a 378.1  |b T103L 
245 1 0 |a Tài liệu bồi dưỡng Cán bộ quản lí khoa/phòng trường Đại học, Cao đẳng  |n Quyển 2 
260 # # |a Hà Nội  |b Đại học Sư phạm  |c 2014 
300 # # |a 255 tr.  |c 27 cm. 
500 # # |a Đầu bìa sách ghi: Bộ Giáo dục và Đào tạo MOET. Ngân hàng phát triển Châu Á ADB. Dự án PT GV THPT&TCCN- Học Viện Quản lí Giáo dục 
653 # # |a Cán bộ 
653 # # |a Tài liệu bồi dưỡng 
653 # # |a Trung học phổ thông 
653 # # |a Quản lí 
852 # # |j KD.0020730  |j KM.0021778 
852 # # |b Kho đọc  |j KD.0020730 
852 # # |b Kho mượn  |j KM.0021778 
910 |d 19/05/2017 
980 # # |a Trung tâm Học liệu Lê Vũ Hùng, Trường Đại học Đồng Tháp